Hỏi đáp tin học

Đã lưu trong:
書目詳細資料
主要作者: Nguyễn, Hạnh
格式: 圖書
語言:Undetermined
出版: Tp. Hồ Chí Minh Trẻ 2002
主題:
標簽: 添加標簽
沒有標簽, 成為第一個標記此記錄!
Thư viện lưu trữ: Trung tâm Học liệu Trường Đại học Cần Thơ
LEADER 00525nam a2200181Ia 4500
001 CTU_54120
008 210402s9999 xx 000 0 und d
020 |b 11000 
082 |a 005 
082 |b H107/T.4 
100 |a Nguyễn, Hạnh 
245 0 |a Hỏi đáp tin học 
245 0 |c Nguyễn Hạnh và Nguyễn Chí Hiếu 
260 |a Tp. Hồ Chí Minh 
260 |b Trẻ 
260 |c 2002 
650 |a Computer science,Software application 
980 |a Trung tâm Học liệu Trường Đại học Cần Thơ